00245nam a22001097a 4500008004100000020001800041041000800059080000700067100000700074101000800081245004600089170824b xxu||||| |||| 00| 0 eng d a9780321288097 aeng a51 a38 aMAT aGRAPHING CALCULATOR MANUALcPENNA.J.A